Geometry: (Record no. 2015)
[ view plain ]
| 000 -LEADER | |
|---|---|
| fixed length control field | 00568nam a22002057a 4500 |
| 001 - CONTROL NUMBER | |
| control field | 2015 |
| 005 - DATE AND TIME OF LATEST TRANSACTION | |
| control field | 20250725072538.0 |
| 008 - FIXED-LENGTH DATA ELEMENTS--GENERAL INFORMATION | |
| fixed length control field | 130222b xxu||||| |||| 00| 0 eng d |
| 020 ## - INTERNATIONAL STANDARD BOOK NUMBER | |
| International Standard Book Number | 0131808796 |
| 040 ## - CATALOGING SOURCE | |
| Original cataloging agency | BSU |
| Transcribing agency | BSU |
| Modifying agency | BSULIB |
| 082 ## - DEWEY DECIMAL CLASSIFICATION NUMBER | |
| Edition number | 21 |
| Classification number | 516.1 BRA |
| 100 ## - MAIN ENTRY--PERSONAL NAME | |
| Personal name | Bradshaw, Carolyn |
| 9 (RLIN) | 4224 |
| 245 ## - TITLE STATEMENT | |
| Title | Geometry: |
| Statement of responsibility, etc | Carolyn Bradshaw, Michael Seals |
| 250 ## - EDITION STATEMENT | |
| Edition statement | Teachers edition. |
| 260 ## - PUBLICATION, DISTRIBUTION, ETC. (IMPRINT) | |
| Place of publication, distribution, etc | Upper Saddle River, New Jersey |
| Name of publisher, distributor, etc | Pearson Prentice Hall |
| Date of publication, distribution, etc | 2004 |
| 300 ## - PHYSICAL DESCRIPTION | |
| Extent | xxv, 795p.: |
| Other physical details | ill. |
| Dimensions | 29cm |
| 650 ## - SUBJECT ADDED ENTRY--TOPICAL TERM | |
| Source of heading or term | Geometry |
| 658 ## - INDEX TERM--CURRICULUM OBJECTIVE | |
| Main curriculum objective | Mathematics |
| 942 ## - ADDED ENTRY ELEMENTS (KOHA) | |
| Source of classification or shelving scheme | Dewey Decimal Classification |
| Item type | Books |
| Withdrawn status | Lost status | Source of classification or shelving scheme | Damaged status | Not for loan | Collection code | Home library | Current library | Shelving location | Date acquired | Source of acquisition | Inventory number | Total Checkouts | Full call number | Barcode | Date last seen | Copy number | Price effective from | Koha item type | Public note |
|---|---|---|---|---|---|---|---|---|---|---|---|---|---|---|---|---|---|---|---|
| Dewey Decimal Classification | Main Library | Main Library | Open Shelves | 22/02/2011 | Donation | 22772 | 516.1 BRA | bsu25071511 | 22/02/2013 | 001 | 22/02/2013 | Books | Material Available In Hardcopy |